Property valuation and analysis

Bibliographic Details
Main Author: Whipple, R. T. M.
Format: Book
Published: Brisbane : Low Book Co, , 1995
Subjects:

MARC

LEADER 00000cam a2200000 7i4500
001 0000001610
005 20090205.0
020 |a 0455213380 
040 |a INS 
090 0 0 |a HD1382.5.   |b W573 1995 
100 1 |a Whipple, R. T. M. 
245 1 0 |a Property valuation and analysis   |c R. T. M. Whipple 
260 |a Brisbane :   |b Low Book Co, ,   |c 1995 
300 |a 601p. 
650 0 0 |a Real property   |x Valuation   |z Australia 
999 |a 0000007096   |b BOOK   |c Open Shelf   |e Default branch 
999 |a 0000007097   |b BOOK   |c Open Shelf   |e Default branch